[Event "CFriend RL-2004-0-00028 email"]
[Site "Chessfriend.com"]
[Date "2004.12.15"]
[Round "1"]
[White "Guerel, Ahmet"]
[Black "Huang, Sam"]
[Result "0-1"]
[WhiteElo "1566"]
[BlackElo "800"]
[PlyCount "22"]
[EventDate "2004.??.??"]
[EventType "tourn (corr)"]
[EventRounds "6"]
[SourceTitle "Corr 2024"]
[Source "ChessBase"]
[SourceDate "2023.10.19"]
[SourceVersion "1"]
[SourceVersionDate "2023.10.19"]
[SourceQuality "1"]

1. e4 e5 2. Bc4 Nf6 3. d3 c6 4. Nf3 d5 5. Bb3 Bb4+ 6. c3 Ba5 7. exd5 cxd5 8. Nxe5 0-0 9. 0-0 Nc6 10. d4 h6 11. Be3 Bc7 0-1